| 000 | 00483nam a2200205Ia 4500 | ||
|---|---|---|---|
| 008 | 170918s9999 xx 000 0 und d | ||
| 020 | _a9780439633591 | ||
| 050 | _bG462 2004 | ||
| 100 | _aGikow, Louise A. | ||
| 245 | _aIncredible insects / | ||
| 245 | _cby Louise A. Gikow. | ||
| 260 | _aNew York : | ||
| 260 | _bScholastic, | ||
| 260 | _c2004 | ||
| 300 | _a60 pages : | ||
| 300 | _bcolored illustration ; | ||
| 300 | _c27cm. | ||
| 300 | _eRipley's. | ||
| 500 | _a1000 | ||
| 999 |
_c343130 _d343130 |
||